000 00627nam a22001937a 4500
005 20251108173705.0
008 250721s2007 xx 000 0 ara d
020 _a9957181289
082 1 4 _a658/صمي
100 1 _aالصميدعي، محمود جاسم
245 1 0 _aإدارة الأعمال الدولية /
264 1 _aعمان :
_bدار المناهج للنشر و التوزيع،
_c2007.
300 _a317 ص.
650 1 7 _aإدارة الأعمال
650 1 7 _aالعلاقات الإقتصادية الدولية
700 1 _aيوسف، ردينة عثمان
942 _2ddc
_cBK
999 _c110033
_d110033